Sinh thái học phục vụ sản xuất Nông - Lâm - Ngư nghiệp : Tóm tắt báo cáo /

Guardat en:
Dades bibliogràfiques
Altres autors: Lê Vũ Khôi., Nguyễn Anh Dũng., Nguyễn Văn Biển., Vũ Quang Côn.
Format: Sách giấy
Idioma:Vietnamese
Publicat: H. : Đại học Tổng hợp, 1979.
Etiquetes: Afegir etiqueta
Sense etiquetes, Sigues el primer a etiquetar aquest registre!
Thư viện lưu trữ: Thư viện Trường Đại học Đà Lạt
LEADER 00827nam a2200313 4500
001 DLU140163090
005 ##20140814
040 # # |a DLU  |b vie 
041 # # |a vie 
044 # # |a vn 
082 # # |a 577  |b Sin 
245 # # |a Sinh thái học phục vụ sản xuất Nông - Lâm - Ngư nghiệp :  |b Tóm tắt báo cáo /  |c Nguyễn Văn Biển, ... [và những người khác] 
260 # # |a H. :  |b Đại học Tổng hợp,  |c 1979. 
300 # # |a 121 tr. ;  |c 19 cm. 
700 # # |a Lê Vũ Khôi. 
700 # # |a Nguyễn Anh Dũng. 
700 # # |a Nguyễn Văn Biển. 
700 # # |a Vũ Quang Côn. 
923 # # |a TL 
991 # # |a SH 
992 # # |a 945 
994 # # |a DLU 
900 # # |a True 
911 # # |a Nguyễn Huyền Anh 
925 # # |a G 
926 # # |a A 
927 # # |a SH 
980 # # |a Thư viện Trường Đại học Đà Lạt